Schnelle Mathematik - Zahlen im Hexadezimalsystem Level 03 - Statistiken

Allgemein
  • Dieses Quiz wurde 126 mal gespielt
  • Das Durchschnittsergebnis liegt bei 8 aus 10
Antwortstatistiken
Zahl Zahl % Korrekt
0 0
100%
0 0
100%
0 0
100%
0 0
100%
1 1
100%
1 1
100%
1 1
100%
1 1
100%
1 1
100%
2 2
100%
2 2
100%
2 2
100%
3 3
100%
3 3
100%
3 3
100%
4 4
100%
4 4
100%
5 5
100%
5 5
100%
6 6
100%
6 6
100%
6 6
100%
6 6
100%
7 7
100%
7 7
100%
8 8
100%
8 8
100%
8 8
100%
8 8
100%
8 8
100%
9 9
100%
9 9
100%
9 9
100%
A A
100%
A A
100%
B B
100%
B B
100%
C C
100%
C C
100%
D D
100%
D D
100%
D D
100%
E E
100%
E E
100%
E E
100%
F F
100%
F F
100%
F F
100%
3 3
80%
8 8
80%
A A
80%
2 2
75%
5 5
75%
5 5
75%
5 5
75%
9 9
75%
B B
75%
1 1
67%
2 2
67%
3 3
67%
A A
67%
A A
67%
4 4
60%
0 0
50%
0 0
50%
4 4
50%
5 5
50%
7 7
50%
7 7
50%
7 7
50%
9 9
50%
C C
50%
C C
50%
D D
50%
E E
50%
E E
33%
2 2
0%
3 3
0%
4 4
0%
4 4
0%
6 6
0%
6 6
0%
7 7
0%
9 9
0%
A A
0%
B B
0%
B B
0%
B B
0%
C C
0%
C C
0%
D D
0%
D D
0%
E E
0%
F F
0%
F F
0%
F F
0%
Keine übereinstimmenden Quizze gefunden
Verteilung der Resultate
Anzahl Personen mit jedem Resultat
Perzentil nach korrekt beantworteten Fragen
Ihre Resultats-Entwicklung
Sie haben dieses Quiz noch nicht gespielt